[Event "Warsaw YMCA Autumn-A 131st"]
[Site "Warsaw"]
[Date "2013.10.02"]
[Round "3"]
[White "Liberadzki, Slawomir"]
[Black "Kubeczko, Grzegorz"]
[Result "1-0"]
[WhiteElo "2090"]
[BlackElo "1999"]
[PlyCount "37"]
[EventDate "2013.09.20"]
[EventType "tourn"]
[EventRounds "11"]
[EventCountry "POL"]
[SourceTitle "EXT 2015"]
[Source "ChessBase"]
[SourceDate "2014.11.20"]
[SourceVersion "1"]
[SourceVersionDate "2014.11.20"]
[SourceQuality "1"]

1. d4 Nf6 2. c4 c5 3. d5 b5 4. e3 Bb7 5. Nc3 b4 6. Nce2 e6 7. dxe6 fxe6 8. Nf3 Be7 9. b3 0-0 10. Bb2 Nc6 11. Nf4 a5 12. Bd3 a4 13. bxa4 Qa5 14. 0-0 Qxa4 15. Bc2 Qa6 16. Qd3 e5 17. Ng5 Na5 18. Bxe5 Qxc4 19. Qxh7+ 1-0

[Event "Warsaw Najdorf Memorial op-A 11th"]
[Site "Warsaw"]
[Date "2013.08.13"]
[Round "9"]
[White "Kubeczko, Grzegorz"]
[Black "Kosiorek, Przemyslaw"]
[Result "1/2-1/2"]
[WhiteElo "2024"]
[BlackElo "2057"]
[PlyCount "61"]
[EventDate "2013.08.05"]
[EventType "swiss"]
[EventRounds "9"]
[EventCountry "POL"]
[SourceTitle "EXT 2014"]
[Source "ChessBase"]
[SourceDate "2013.11.20"]
[SourceVersion "1"]
[SourceVersionDate "2013.11.20"]
[SourceQuality "1"]

1. c4 b6 2. Nc3 Bb7 3. e4 e6 4. g3 f5 5. Bg2 Nf6 6. Nge2 Nxe4 7. Nxe4 Bxe4 8. Bxe4 fxe4 9. Nc3 g6 10. Nxe4 d5 11. cxd5 exd5 12. Qa4+ c6 13. Nc3 Bg7 14. 0-0 0-0 15. d3 Qf6 16. Qg4 Qf5 17. Qxf5 Rxf5 18. Bf4 Nd7 19. Rad1 Bd4 20. h4 Raf8 21. Rfe1 Ne5 22. Kg2 Ng4 23. Re2 h6 24. f3 Rxf4 25. gxf4 Ne3+ 26. Kg3 Nxd1 27. Nxd1 Kf7 28. b3 Rd8 29. Nf2 Bxf2+ 30. Kxf2 Rd6 31. Re5 1/2-1/2

[Event "Warsaw Najdorf Memorial op-A 11th"]
[Site "Warsaw"]
[Date "2013.08.09"]
[Round "5"]
[White "Kubeczko, Grzegorz"]
[Black "Chomczyk, Marek"]
[Result "1-0"]
[WhiteElo "2024"]
[BlackElo "1962"]
[PlyCount "153"]
[EventDate "2013.08.05"]
[EventType "swiss"]
[EventRounds "9"]
[EventCountry "POL"]
[SourceTitle "CBM 155 Extra"]
[Source "ChessBase"]
[SourceDate "2013.08.26"]
[SourceVersion "1"]
[SourceVersionDate "2013.08.26"]
[SourceQuality "1"]

1. c4 Nf6 2. g3 e6 3. Bg2 d5 4. Nf3 Be7 5. 0-0 0-0 6. b3 c6 7. Bb2 b6 8. d3 Nbd7 9. Qc2 Bb7 10. e4 dxe4 11. dxe4 Qc7 12. e5 Ng4 13. Re1 Rad8 14. h3 Nh6 15. g4 Nc5 16. Re3 Rd7 17. b4 Na6 18. a3 Kh8 19. Nbd2 Ng8 20. Ne4 Rfd8 21. Nd6 Bf8 22. Ng5 g6 23. Rd1 Kg7 24. Red3 Nb8 25. Qd2 Bc8 26. Qf4 Nh6 27. Nge4 Ng8 28. g5 Ba6 29. Qd2 c5 30. Ne8+ Rxe8 31. Rxd7 Nxd7 32. Qxd7 Qxd7 33. Rxd7 cxb4 34. Rxa7 bxa3 35. Ba1 Bxc4 36. Nd6 Bxd6 37. exd6+ Kf8 38. Rxa3 Bd5 39. Bf1 Rd8 40. Be5 h6 41. h4 hxg5 42. hxg5 f6 43. gxf6 Nh6 44. Rh3 Nf7 45. f4 Kg8 46. Bd3 Nxd6 47. Bxg6 Nf7 48. Bc7 Ra8 49. Rh7 Ra1+ 50. Kf2 Ra2+ 51. Ke3 Rg2 52. Rg7+ Kh8 53. Bxf7 Rxg7 54. fxg7+ Kxg7 55. Be8 b5 56. Bxb5 Kf7 57. Kd4 Bb3 58. Ke5 Bc2 59. Be2 Bf5 60. Bd8 Kg6 61. Bg5 Bh3 62. Bf3 Kf7 63. Bh5+ Kg7 64. Kd6 Kf8 65. Bf6 Bf5 66. Ke5 Kg8 67. Kd4 Kf8 68. Ke3 Bh3 69. Kf3 Bf1 70. Kg4 Bd3 71. Kg5 Bc4 72. Kh6 Bb3 73. Bd8 Bc4 74. Bg5 Bb3 75. Kg6 Ke8 76. Kf6+ Kd7 77. Bf7 1-0

[Event "Warsaw YMCA Spring 123rd"]
[Site "Warsaw"]
[Date "2013.06.18"]
[Round "11"]
[White "Goslawski, Michal"]
[Black "Kubeczko, Grzegorz"]
[Result "1-0"]
[WhiteElo "2149"]
[BlackElo "2036"]
[PlyCount "95"]
[EventDate "2013.04.12"]
[EventType "tourn"]
[EventRounds "11"]
[EventCountry "POL"]
[SourceTitle "EXT 2014"]
[Source "ChessBase"]
[SourceDate "2013.11.20"]
[SourceVersion "1"]
[SourceVersionDate "2013.11.20"]
[SourceQuality "1"]

1. d4 d5 2. c4 c6 3. Nf3 Nf6 4. e3 e6 5. Bd3 dxc4 6. Bxc4 Nbd7 7. 0-0 b5 8. Bd3 a6 9. a4 Bb7 10. Re1 Bb4 11. Bd2 Qe7 12. Bxb4 Qxb4 13. Qd2 Qxd2 14. Nbxd2 Nd5 15. Rec1 Nb4 16. Be2 Nb6 17. Ne4 Rb8 18. Nc5 Ke7 19. Ne5 Rhc8 20. a5 f6 21. axb6 fxe5 22. dxe5 Rd8 23. Rd1 Rd5 24. Rxd5 Nxd5 25. Bg4 Bc8 26. b7 Bxb7 27. Bxe6 Nc7 28. Bf5 g6 29. Be4 Ne6 30. Nxb7 Rxb7 31. Bxc6 Rc7 32. Bd5 Rc2 33. h4 Nc7 34. Bb7 Rxb2 35. Bxa6 Ke6 36. f4 Re2 37. Bc8+ Ke7 38. Rd1 Rc2 39. Rd7+ Kf8 40. Bb7 b4 41. Be4 Rc1+ 42. Kf2 Nb5 43. Rxh7 b3 44. Rb7 Rc2+ 45. Bxc2 bxc2 46. Rb8+ Ke7 47. Rc8 Na3 48. Ke2 1-0

[Event "Warsaw-ch opA 66th"]
[Site "Warsaw"]
[Date "2013.05.18"]
[Round "8"]
[White "Gluszko, Monika"]
[Black "Kubeczko, Grzegorz"]
[Result "1-0"]
[WhiteElo "1914"]
[BlackElo "2036"]
[PlyCount "101"]
[EventDate "2013.05.11"]
[EventType "swiss"]
[EventRounds "9"]
[EventCountry "POL"]
[SourceTitle "CBM 154 Extra"]
[Source "ChessBase"]
[SourceDate "2013.06.25"]
[SourceVersion "2"]
[SourceVersionDate "2013.06.25"]
[SourceQuality "1"]

1. e4 c6 2. c4 d5 3. exd5 cxd5 4. cxd5 Nf6 5. Qa4+ Nbd7 6. Bc4 a6 7. Nc3 g6 8. Nf3 Bg7 9. d3 0-0 10. Qa3 b6 11. 0-0 Bb7 12. Re1 Re8 13. Be3 Rc8 14. Rac1 b5 15. Bb3 Nb6 16. Nxb5 axb5 17. Qa7 Rxc1 18. Rxc1 Nbxd5 19. Qxb7 Nxe3 20. fxe3 Qxd3 21. Bxf7+ Kf8 22. Qb6 Bh6 23. Re1 Rc8 24. Kh1 Ng4 25. Qe6 Nf2+ 26. Kg1 Rc2 27. Nd4 Rxb2 28. Bg8 Qc4 29. Qxc4 bxc4 30. Bxc4 Ng4 31. Ne6+ Ke8 32. Nc7+ Kd8 33. Nd5 e6 34. Nf4 Ke7 35. h3 Ne5 36. Bb3 g5 37. Nh5 g4 38. hxg4 Nd3 39. Rd1 Bxe3+ 40. Kh2 Nf2 41. Re1 Nxg4+ 42. Kh3 Nf2+ 43. Kg3 Ba7 44. Rxe6+ Kd8 45. Rd6+ Kc7 46. Rh6 Ne4+ 47. Kf4 Ng5 48. Kxg5 Be3+ 49. Nf4 Rxg2+ 50. Kf5 Rg7 51. Nd5+ 1-0

[Event "Warsaw-ch opA 66th"]
[Site "Warsaw"]
[Date "2013.05.16"]
[Round "6"]
[White "Kubeczko, Grzegorz"]
[Black "Piotrowski, Arkadiusz"]
[Result "0-1"]
[WhiteElo "2036"]
[BlackElo "1971"]
[PlyCount "104"]
[EventDate "2013.05.11"]
[EventType "swiss"]
[EventRounds "9"]
[EventCountry "POL"]
[SourceTitle "CBM 154 Extra"]
[Source "ChessBase"]
[SourceDate "2013.06.25"]
[SourceVersion "2"]
[SourceVersionDate "2013.06.25"]
[SourceQuality "1"]

1. c4 e5 2. g3 Nf6 3. Bg2 d5 4. cxd5 Nxd5 5. Nc3 Nb6 6. Nf3 Nc6 7. 0-0 Be7 8. a3 0-0 9. b4 a6 10. d3 f5 11. Be3 Bf6 12. Rc1 Be6 13. Nd2 Nd5 14. Na4 Nxe3 15. fxe3 Bg5 16. Nc5 Bxe3+ 17. Kh1 Bd5 18. h3 Nd4 19. Rb1 b6 20. Ncb3 Nb5 21. Nc4 Nc3 22. Qc2 Nxb1 23. Nxe3 Bxg2+ 24. Kxg2 Nxa3 25. Qa2 Nb5 26. Nd4+ Kh8 27. Ne6 Qd7 28. Nxf8 Rxf8 29. Qxa6 Qc6+ 30. Kh2 Ra8 31. Rxf5 h6 32. Qxa8+ Qxa8 33. Rxe5 Nd6 34. Nd5 Qf8 35. Nf4 Qf6 36. h4 Kg8 37. Re6 Qf7 38. h5 Ne8 39. Re5 Nf6 40. Kh3 Qd7+ 41. Kg2 Qc6+ 42. Kg1 Qd6 43. Re6 Qxb4 44. e4 Qe1+ 45. Kg2 Qd2+ 46. Kh3 Qd1 47. Kg2 Nxh5 48. Nd5 Qe2+ 49. Kg1 Qxd3 50. Re8+ Kh7 51. Re7 Qxg3+ 52. Kh1 Qf2 0-1

[Event "Warsaw YMCA Spring 123rd"]
[Site "Warsaw"]
[Date "2013.05.10"]
[Round "5"]
[White "Kubeczko, Grzegorz"]
[Black "Kasperkiewicz, Pawel"]
[Result "1-0"]
[WhiteElo "2036"]
[BlackElo "2108"]
[PlyCount "99"]
[EventDate "2013.04.12"]
[EventType "tourn"]
[EventRounds "11"]
[EventCountry "POL"]
[SourceTitle "EXT 2014"]
[Source "ChessBase"]
[SourceDate "2013.11.20"]
[SourceVersion "1"]
[SourceVersionDate "2013.11.20"]
[SourceQuality "1"]

1. c4 Nf6 2. g3 c6 3. Bg2 d5 4. Nf3 Bf5 5. cxd5 cxd5 6. Nc3 Nc6 7. Qa4 Qd7 8. d4 e6 9. Bf4 Be7 10. 0-0 0-0 11. Nh4 Be4 12. f3 Bg6 13. Nxg6 hxg6 14. Rad1 Rfd8 15. Kh1 Ne8 16. e4 Bf6 17. e5 Be7 18. Rf2 a6 19. Bf1 Rdc8 20. Qc2 Nc7 21. h4 Na5 22. Qb1 Nb5 23. Nxb5 axb5 24. Rh2 b4 25. Bd3 Qe8 26. g4 b3 27. a3 Nc4 28. g5 b5 29. Kg2 Qd8 30. Rdh1 b4 31. axb4 Ra2 32. Kg3 Rca8 33. h5 Bxg5 34. hxg6 Bh6 35. gxf7+ Kxf7 36. Bg6+ Ke7 37. Bxh6 gxh6 38. Rxh6 Kd7 39. Bh5 Rxb2 40. Qh7+ Kc6 41. Rxe6+ Kb5 42. Qb7+ Nb6 43. Rxb6+ Qxb6 44. Qxa8 Qxd4 45. Qa5+ Kc4 46. Qc5+ Qxc5 47. bxc5 Rc2 48. Bg6 d4 49. e6 Re2 50. c6 1-0

[Event "Warsaw Najdorf Memorial op-A 10th"]
[Site "Warsaw"]
[Date "2012.08.08"]
[Round "3"]
[White "Kubeczko, Grzegorz"]
[Black "Goslawski, Michal"]
[Result "1/2-1/2"]
[WhiteElo "2017"]
[BlackElo "2121"]
[PlyCount "55"]
[EventDate "2012.08.06"]
[EventType "swiss"]
[EventRounds "9"]
[EventCountry "POL"]
[SourceTitle "CBM 149 Extra"]
[Source "ChessBase"]
[SourceDate "2012.08.24"]
[SourceVersion "1"]
[SourceVersionDate "2012.08.24"]
[SourceQuality "1"]

1. c4 Nf6 2. g3 e6 3. Bg2 d5 4. Nf3 dxc4 5. Na3 c5 6. Nxc4 Nc6 7. 0-0 Bd7 8. d4 b5 9. Na3 Qb6 10. Be3 Nd5 11. dxc5 Bxc5 12. Bxc5 Qxc5 13. Rc1 Qb6 14. Ng5 Nce7 15. e4 Nb4 16. Nxf7 Kxf7 17. Qxd7 Rhd8 18. Qxb5 Qxb5 19. Nxb5 Nxa2 20. Ra1 Nb4 21. e5 Ned5 22. Nd6+ Ke7 23. Be4 g6 24. Ra5 Nc6 25. Rxd5 exd5 26. Bxd5 Nxe5 27. Bxa8 Rxa8 28. Nb5 1/2-1/2

[Event "Warsaw-ch opA 65th"]
[Site "Warsaw"]
[Date "2012.06.01"]
[Round "7"]
[White "Gorecki, Andrzej"]
[Black "Kubeczko, Grzegorz"]
[Result "1-0"]
[WhiteElo "2102"]
[BlackElo "2013"]
[PlyCount "81"]
[EventDate "2012.05.26"]
[EventType "swiss"]
[EventRounds "9"]
[EventCountry "POL"]
[SourceTitle "CBM 148 Extra"]
[Source "ChessBase"]
[SourceDate "2012.06.22"]
[SourceVersion "1"]
[SourceVersionDate "2012.06.22"]
[SourceQuality "1"]

1. d4 d5 2. c4 c6 3. Nc3 Nf6 4. Nf3 a6 5. e3 b5 6. c5 Nbd7 7. b4 a5 8. bxa5 Qxa5 9. Bd2 b4 10. Nb1 Ne4 11. a3 Nxd2 12. Qxd2 e5 13. Ra2 e4 14. Ng1 Nxc5 15. dxc5 Bxc5 16. Ne2 Bd7 17. Nc1 bxa3 18. Qxa5 Rxa5 19. Nb3 Bb4+ 20. Kd1 Ra8 21. Nd4 c5 22. Nb5 Bxb5 23. Bxb5+ Ke7 24. Kc2 Rhd8 25. Rd1 f5 26. Bc6 Ra6 27. Bb5 Ra5 28. Bf1 c4 29. Nc3 Kd6 30. Ne2 Kc5 31. Nd4 Rd6 32. Rb1 f4 33. Kd1 fxe3 34. fxe3 Rf6 35. Be2 Rf2 36. Bxc4 Kxc4 37. Rxf2 Bc3 38. Ra2 Bb2 39. Kc2 Rc5 40. Rbxb2 axb2 41. Ra4# 1-0

[Event "Warsaw-ch opA 65th"]
[Site "Warsaw"]
[Date "2012.05.31"]
[Round "6"]
[White "Kubeczko, Grzegorz"]
[Black "Gasik, Piotr"]
[Result "1-0"]
[WhiteElo "2013"]
[BlackElo "2127"]
[PlyCount "45"]
[EventDate "2012.05.26"]
[EventType "swiss"]
[EventRounds "9"]
[EventCountry "POL"]
[SourceTitle "CBM 148 Extra"]
[Source "ChessBase"]
[SourceDate "2012.06.22"]
[SourceVersion "1"]
[SourceVersionDate "2012.06.22"]
[SourceQuality "1"]

1. c4 e5 2. g3 Nf6 3. Bg2 c6 4. d4 Bb4+ 5. Bd2 Bxd2+ 6. Qxd2 d6 7. dxe5 dxe5 8. Nf3 Qe7 9. Qg5 Nbd7 10. Bh3 e4 11. Nh4 h6 12. Qe3 Ne5 13. Bxc8 Rxc8 14. Nf5 Qd7 15. Qf4 Nxc4 16. Nxg7+ Ke7 17. b3 Rhg8 18. Nf5+ Ke6 19. Nxh6 Qd4 20. Qf5+ Ke7 21. Qxc8 Qxa1 22. Nxg8+ Nxg8 23. 0-0 1-0

[Event "Warsaw-ch opA 65th"]
[Site "Warsaw"]
[Date "2012.05.28"]
[Round "3"]
[White "Cajbel, Maciej"]
[Black "Kubeczko, Grzegorz"]
[Result "1-0"]
[WhiteElo "2222"]
[BlackElo "2013"]
[PlyCount "105"]
[EventDate "2012.05.26"]
[EventType "swiss"]
[EventRounds "9"]
[EventCountry "POL"]
[SourceTitle "CBM 148 Extra"]
[Source "ChessBase"]
[SourceDate "2012.06.22"]
[SourceVersion "1"]
[SourceVersionDate "2012.06.22"]
[SourceQuality "1"]

1. e4 c6 2. Nc3 d5 3. Nf3 Bg4 4. h3 Bxf3 5. Qxf3 dxe4 6. Nxe4 Nd7 7. Qg3 Ngf6 8. d3 Nxe4 9. dxe4 Nc5 10. Qe3 e5 11. c3 Qh4 12. b4 Nd7 13. g3 Qd8 14. Bc4 a5 15. 0-0 b5 16. Bb3 a4 17. Bd1 Be7 18. Be2 0-0 19. a3 Qb6 20. Rd1 Rad8 21. c4 c5 22. cxb5 cxb4 23. axb4 Bxb4 24. Rxa4 Bc5 25. Qf3 Qe6 26. Bg5 Ra8 27. Rxa8 Rxa8 28. Kg2 h6 29. Bc1 Bd4 30. Rd2 Ra2 31. Qd3 Nc5 32. Qc4 Qxc4 33. Bxc4 Rxd2 34. Bxd2 Nd7 35. Bb4 g5 36. h4 Kg7 37. hxg5 hxg5 38. f3 Nb6 39. Bb3 Kg6 40. g4 Nd7 41. Kf1 Kf6 42. Ke2 Nb6 43. Kd3 Bf2 44. Bd5 Bd4 45. Kc2 Be3 46. Kb3 Bf2 47. Bd6 Be3 48. Kb4 Nc8 49. Bc5 Bd2+ 50. Ka4 Bc3 51. Bb7 Ne7 52. b6 Bd2 53. Bd5 1-0

[Event "Warsaw YMCA Autumn-B 97th"]
[Site "Warsaw"]
[Date "2011.11.16"]
[Round "9"]
[White "Kubeczko, Grzegorz"]
[Black "Rozowski, Marcin"]
[Result "1-0"]
[WhiteElo "2005"]
[BlackElo "1908"]
[PlyCount "69"]
[EventDate "2011.09.21"]
[EventType "tourn"]
[EventRounds "11"]
[EventCountry "POL"]
[SourceTitle "EXT 2014"]
[Source "ChessBase"]
[SourceDate "2013.11.20"]
[SourceVersion "1"]
[SourceVersionDate "2013.11.20"]
[SourceQuality "1"]

1. Nf3 d5 2. c4 c6 3. g3 Nf6 4. Bg2 Bg4 5. Ne5 Bf5 6. cxd5 cxd5 7. Nc3 e6 8. Qa4+ Nbd7 9. g4 Bg6 10. h4 h6 11. Nxg6 fxg6 12. e4 Qb6 13. e5 Ng8 14. d4 Ne7 15. 0-0 h5 16. g5 Nf5 17. Bxd5 exd5 18. Nxd5 Qc6 19. Qxc6 bxc6 20. Nc7+ Kd8 21. Nxa8 Nxd4 22. Be3 c5 23. Bxd4 cxd4 24. f4 Nc5 25. Rac1 Ne6 26. Rc6 Kd7 27. Ra6 Bc5 28. b4 Bxb4 29. Rxa7+ Kc6 30. Ra6+ Kd5 31. Nb6+ Ke4 32. a3 Bc3 33. Na4 Nxf4 34. Nxc3+ dxc3 35. Ra4+ 1-0

[Event "Warsaw YMCA Autumn-B 97th"]
[Site "Warsaw"]
[Date "2011.10.27"]
[Round "7"]
[White "Jarmula, Lukasz"]
[Black "Kubeczko, Grzegorz"]
[Result "1-0"]
[WhiteElo "1940"]
[BlackElo "2005"]
[PlyCount "93"]
[EventDate "2011.09.21"]
[EventType "tourn"]
[EventRounds "11"]
[EventCountry "POL"]
[SourceTitle "EXT 2014"]
[Source "ChessBase"]
[SourceDate "2013.11.20"]
[SourceVersion "1"]
[SourceVersionDate "2013.11.20"]
[SourceQuality "1"]

1. d4 d5 2. c4 c6 3. Nf3 Nf6 4. e3 Bf5 5. Nc3 e6 6. Nh4 Bg4 7. Qb3 Qb6 8. Bd2 Be7 9. h3 Bh5 10. g4 Bg6 11. Nxg6 hxg6 12. Be2 Nbd7 13. 0-0-0 Qxb3 14. axb3 Ne4 15. Nxe4 dxe4 16. f3 exf3 17. Bxf3 0-0-0 18. Kc2 Bg5 19. Ra1 Kb8 20. Ra5 f5 21. Bg2 Nf6 22. Rha1 a6 23. b4 Kc7 24. gxf5 gxf5 25. b5 axb5 26. cxb5 Nd5 27. bxc6 Nxe3+ 28. Bxe3 Bxe3 29. Ra7 Rb8 30. Kd3 Bg5 31. cxb7 Rhd8 32. Ra8 Bf4 33. Kc4 Be3 34. Rxb8 Rxb8 35. Ra8 Bf4 36. Kb5 Be3 37. Kc4 Bf4 38. Ra6 Kd7 39. Kc5 Bc7 40. b4 Rd8 41. Ra8 Rb8 42. Kb5 e5 43. dxe5 Bxe5 44. Ka6 Kc7 45. b5 Kd7 46. Ka7 Rd8 47. Rxd8+ 1-0

[Event "Warsaw YMCA Autumn-B 97th"]
[Site "Warsaw"]
[Date "2011.10.26"]
[Round "6"]
[White "Kubeczko, Grzegorz"]
[Black "Rusin, Ryszard"]
[Result "1-0"]
[WhiteElo "2005"]
[BlackElo "1859"]
[PlyCount "73"]
[EventDate "2011.09.21"]
[EventType "tourn"]
[EventRounds "11"]
[EventCountry "POL"]
[SourceTitle "EXT 2014"]
[Source "ChessBase"]
[SourceDate "2013.11.20"]
[SourceVersion "1"]
[SourceVersionDate "2013.11.20"]
[SourceQuality "1"]

1. c4 e6 2. Nf3 d5 3. b3 Be7 4. Bb2 Bf6 5. d4 Ne7 6. Nbd2 Ng6 7. Qc2 Nc6 8. 0-0-0 a5 9. a3 0-0 10. e3 Bd7 11. Bd3 Re8 12. h4 Nf8 13. Ng5 h6 14. Ngf3 dxc4 15. Nxc4 Be7 16. g4 b5 17. Nce5 Ra6 18. Nxd7 Qxd7 19. Bxb5 Rb6 20. Ne5 Qd6 21. Bxc6 Reb8 22. Ba4 Qd5 23. f4 Rxb3 24. Bxb3 Rxb3 25. e4 Qb7 26. Nc4 Rg3 27. Rhg1 Rh3 28. Rd3 Rxh4 29. Rb3 Qa6 30. Ne5 Bd6 31. Qf2 g5 32. fxg5 Bxe5 33. Qxh4 Qc4+ 34. Kb1 Bf4 35. Rc3 Qxd4 36. Qe1 hxg5 37. Rh3 1-0

[Event "Warsaw YMCA Autumn-B 97th"]
[Site "Warsaw"]
[Date "2011.10.19"]
[Round "5"]
[White "Sawicki, Mikolaj"]
[Black "Kubeczko, Grzegorz"]
[Result "1/2-1/2"]
[WhiteElo "2034"]
[BlackElo "2005"]
[PlyCount "92"]
[EventDate "2011.09.21"]
[EventType "tourn"]
[EventRounds "11"]
[EventCountry "POL"]
[SourceTitle "EXT 2014"]
[Source "ChessBase"]
[SourceDate "2013.11.20"]
[SourceVersion "1"]
[SourceVersionDate "2013.11.20"]
[SourceQuality "1"]

1. e4 d6 2. d4 g6 3. Nc3 c6 4. Be3 b5 5. a3 Bg7 6. h3 a6 7. g4 Nd7 8. Bg2 Bb7 9. Nge2 e6 10. 0-0 c5 11. Qd2 Qc7 12. Rad1 0-0-0 13. b4 cxb4 14. axb4 Nb6 15. Qd3 Qc4 16. d5 Qxd3 17. cxd3 Nd7 18. Rc1 Kb8 19. dxe6 fxe6 20. f4 Ne7 21. Nd4 Rc8 22. Nce2 Rxc1 23. Rxc1 Bxd4 24. Bxd4 Rc8 25. Rxc8+ Kxc8 26. Bc3 Nc6 27. Kf2 e5 28. f5 g5 29. Ke3 Nf6 30. Bf3 Kd7 31. Be1 Ke7 32. h4 h6 33. hxg5 hxg5 34. Bc3 Bc8 35. Nc1 Bd7 36. Nb3 Bc8 37. Bd1 Bb7 38. Kf3 Nd7 39. Bd2 Kf6 40. Ke3 Nb6 41. Bc2 Bc8 42. Bc3 Na4 43. Bd2 Nb6 44. Bd1 Bd7 45. Bf3 Be8 46. Nc1 Bf7 1/2-1/2

[Event "Warsaw YMCA Autumn-B 97th"]
[Site "Warsaw"]
[Date "2011.09.28"]
[Round "2"]
[White "Kubeczko, Grzegorz"]
[Black "Bernacki, Gabriel"]
[Result "0-1"]
[WhiteElo "2005"]
[BlackElo "1914"]
[PlyCount "80"]
[EventDate "2011.09.21"]
[EventType "tourn"]
[EventRounds "11"]
[EventCountry "POL"]
[SourceTitle "EXT 2014"]
[Source "ChessBase"]
[SourceDate "2013.11.20"]
[SourceVersion "1"]
[SourceVersionDate "2013.11.20"]
[SourceQuality "1"]

1. c4 c6 2. Nf3 d5 3. b3 Bg4 4. Bb2 e6 5. Ne5 Bf5 6. d3 Nf6 7. g3 Nbd7 8. Bg2 Bb4+ 9. Nd2 Nxe5 10. Bxe5 0-0 11. 0-0 Re8 12. a3 Bd6 13. Bb2 Bg4 14. Rc1 Qe7 15. b4 Rad8 16. f3 Bh5 17. e4 e5 18. cxd5 cxd5 19. Qa4 dxe4 20. dxe4 Bc7 21. Nc4 a6 22. b5 Qc5+ 23. Kh1 Qxb5 24. Qxb5 axb5 25. Ne3 Bb6 26. Nc2 Nd7 27. g4 Bg6 28. Rfd1 Nc5 29. Rxd8 Rxd8 30. Nb4 f6 31. Nd5 Nd3 32. Rc2 Ba7 33. Bf1 Ne1 34. Rc7 Nxf3 35. Ne7+ Kh8 36. Bd3 Bb6 37. Rxb7 Rxd3 38. Rxb6 Rd8 39. Nxg6+ hxg6 40. Rxb5 Rd2 0-1